000 01733cam a22004814i 4500
003 PE-LiUPU
005 20250731173025.0
008 150623s r 000 0 d
020 _a1563382938
035 _a(Sirsi) i9781563382932
040 _aPE-LiUPU
_bspa
_cPE-LiUPU
_erda
049 _aPRUA
082 0 4 _a226.406 6
_bJ44
_221
245 0 0 _aJesus and the heritage of Israel :
_bLuke's narrative claim upon Israel's legacy /
_cEditado por David P. Moessner.
264 1 _aHarrisburg, Pennsylvania :
_bTrinity Press International,
_c1999.
300 _a395 páginas ;
_c23 centímetros
336 _atext
_2rdacontent
337 _aunmediated
_2rdamedia
338 _avolume
_2rdacarrier
490 0 _aLuke the Interpreter of Israel
504 _aIncluye bibliografía.
505 0 _aClaiming the heritage through the prologues. -Refreaming the heritage through Luke's gospel - Acts.
526 _aSEG42
526 _aSEG41
526 _aSEG40
526 _aSEG39
526 _aP94
526 _aP87
526 _aP86
526 _aP85
526 _aP77
526 _aP76
526 _aP35
630 _aBiblia.
_pN.T.
_pHechos
_xCrítica, interpretación, etc.
630 _aBiblia.
_pN.T.
_pLucas
_xCrítica, interpretación, etc.
700 1 _aMoessner, David P.,
_eed.
942 _2ddc
_cBOOK
949 _a226.406 6 J44
_wDEWEY
_c1
_i47900
_lCCODEBUL1
_mBUL
_r0
_sY
_tBOOK
_u2015-6-24
_xTEOLOGIA
_PP35
_0COMPRA
_o.STAFF. Colección General
994 _aC0
_bPEPRU
596 _a1
999 _a226.406 6 J44
_wDEWEY
_c24374
_i47900
_d24374
_f2021-11-9
_g5
_lCCODEBUL1
_mBUL
_q1
_r0
_sY
_tBOOK
_u2015-6-24
_xTEOLOGIA
_PP35
_0COMPRA
_o.STAFF. Colección General
980 _81
_gALBERTO SANCHEZ Responsable de Automatización